[Event "Xtracon Chess Open 2016"]
[Site "Elsinore"]
[Date "2016.07.24"]
[Round "3.130"]
[White "Langvik, Ulrikke"]
[Black "Oe, Oluf"]
[Result "0-1"]
[WhiteElo "1583"]
[BlackElo "1971"]
[PlyCount "62"]
[EventDate "2016.07.23"]

1. d4 d5 2. c4 c6 3. e3 Nf6 4. Nc3 e6 5. Nf3 Bb4 6. Qc2 Ne4 7. Bd2 Nxd2 8. Nxd2
O-O 9. Bd3 g6 10. h4 f5 11. g4 Be7 12. h5 g5 13. O-O-O Na6 14. a3 Nc7 15. Rdg1
Kh8 16. f4 gxf4 17. exf4 dxc4 18. Nxc4 Qxd4 19. Ne2 Qc5 20. gxf5 exf5 21. b4
Qd5 22. Ne3 Qf3 23. Qd2 c5 24. b5 b6 25. Rh2 Be6 26. Rhg2 Bf6 27. h6 Rg8 28.
Rxg8+ Rxg8 29. Rxg8+ Kxg8 30. a4 Qh1+ 31. Nd1 Qxh6 0-1

[Event "Xtracon Chess Open 2016"]
[Site "Elsinore"]
[Date "2016.07.24"]
[Round "3.131"]
[White "Rogacewicz, Mikolaj"]
[Black "Voll, Oddvar U"]
[Result "1/2-1/2"]
[WhiteElo "1551"]
[BlackElo "1967"]
[PlyCount "88"]
[EventDate "2016.07.23"]

1. d4 d5 2. c4 c6 3. Nf3 Nf6 4. e3 g6 5. Nc3 Bg7 6. Bd3 O-O 7. O-O b6 8. b3
Nbd7 9. cxd5 cxd5 10. Ba3 Bb7 11. Rc1 Rc8 12. Qe2 Ne4 13. Na4 Re8 14. Rxc8 Qxc8
15. Rc1 Qb8 16. Bb5 Bc8 17. Ne5 Bxe5 18. dxe5 Qxe5 19. Bb2 Qd6 20. Rc6 Qb4 21.
Rc7 Rd8 22. Rxa7 e6 23. Ra8 Rf8 24. h3 Nec5 25. Nxc5 Nxc5 26. Ba3 Qc3 27. Bb2
Qb4 28. g3 Bd7 29. Rxf8+ Kxf8 30. Bxd7 Nxd7 31. Qa6 Nc5 32. Qc8+ Ke7 33. Qc7+
Nd7 34. Qa7 Kd8 35. Ba3 Qa5 36. Qxa5 bxa5 37. Kg2 Kc7 38. Kf3 Kc6 39. Ke2 e5
40. Kd3 Nf6 41. Bb2 Nd7 42. Bc3 Kb6 43. Kd2 f6 44. f4 e4 1/2-1/2

[Event "Xtracon Chess Open 2016"]
[Site "Elsinore"]
[Date "2016.07.24"]
[Round "3.132"]
[White "Ronnestad, Liam Jansson"]
[Black "Molvig, Julius"]
[Result "0-1"]
[WhiteElo "1502"]
[BlackElo "1964"]
[PlyCount "54"]
[EventDate "2016.07.23"]

1. e4 c5 2. Nc3 e6 3. f4 a6 4. Nf3 Nc6 5. g3 d5 6. Bg2 d4 7. Ne2 Nf6 8. d3 Be7
9. O-O O-O 10. e5 Nd5 11. c3 dxc3 12. bxc3 Rb8 13. d4 b5 14. Bb2 Ne3 15. Qd2
Nxf1 16. Rxf1 Na5 17. Rd1 Nc4 18. Qc1 Bb7 19. Kh1 Qc7 20. dxc5 Bxc5 21. Ned4
Rfd8 22. h3 Bd5 23. g4 Qb7 24. Ne1 Bxg2+ 25. Nxg2 Bxd4 26. cxd4 Qf3 27. Qc3
Qxd1+ 0-1

[Event "Xtracon Chess Open 2016"]
[Site "Elsinore"]
[Date "2016.07.24"]
[Round "3.133"]
[White "Strachan, Christian C"]
[Black "Kharraziha, Hamid"]
[Result "1-0"]
[WhiteElo "1964"]
[BlackElo "1427"]
[PlyCount "91"]
[EventDate "2016.07.23"]

1. e4 e5 2. Nf3 Nc6 3. Bc4 Nf6 4. Ng5 d5 5. exd5 Na5 6. Bb5+ c6 7. dxc6 bxc6 8.
Qf3 Be7 9. Bd3 O-O 10. O-O h6 11. Ne4 Nd5 12. Ng3 g6 13. Re1 Qc7 14. Nc3 Nf4
15. Bf1 f5 16. d4 Kh7 17. dxe5 Ne6 18. Bd2 a6 19. Nce2 Nc4 20. Bc3 Rb8 21. Nf4
Ng5 22. Qe2 Nxb2 23. h4 Na4 24. Bd2 Ne6 25. Nxe6 Bxe6 26. Qxa6 Ra8 27. Qe2 Nc5
28. a3 Ra4 29. Bb4 Rfa8 30. Qe3 Nb7 31. Bxe7 Qxe7 32. Qc3 Rxh4 33. Qxc6 Rc8 34.
Qb6 Rxc2 35. Reb1 Nc5 36. Rb4 Rxb4 37. axb4 Nd7 38. Qb7 Rb2 39. b5 Qc5 40. Qc6
Qxf2+ 41. Kh2 Rb3 42. Qxe6 Qxg3+ 43. Kg1 Qe3+ 44. Kh1 Qd4 45. Qf7+ Kh8 46. Ra8+
1-0

[Event "Xtracon Chess Open 2016"]
[Site "Elsinore"]
[Date "2016.07.24"]
[Round "3.134"]
[White "Hestholm, Sverre"]
[Black "Huse, Sigurd Kjelsbol"]
[Result "0-1"]
[WhiteElo "1418"]
[BlackElo "1963"]
[PlyCount "88"]
[EventDate "2016.07.23"]

1. e4 e5 2. Nf3 Nf6 3. Nxe5 d6 4. Nf3 Nxe4 5. Qe2 Qe7 6. d3 Nf6 7. Bg5 Nbd7 8.
Nc3 h6 9. Bh4 Qxe2+ 10. Bxe2 c6 11. O-O-O Be7 12. Rhe1 O-O 13. d4 d5 14. Ne5
Bd6 15. Nxd7 Bxd7 16. Bxf6 gxf6 17. a3 Rfe8 18. Bd3 Kf8 19. h3 Re6 20. Re2 Bf4+
21. Kb1 Rae8 22. g3 Bc7 23. h4 Bb6 24. Rxe6 Bxe6 25. Be2 Bf5 26. Bh5 Bc7 27.
Kc1 Kg7 28. Rd2 Bg6 29. Bxg6 fxg6 30. Re2 Rxe2 31. Nxe2 f5 32. Kd2 Kf6 33. Ke3
Bd6 34. Nc1 c5 35. c3 c4 36. Ne2 g5 37. hxg5+ Kxg5 38. Kf3 b5 39. Ke3 Kg4 40.
f4 h5 41. Kf2 Be7 42. Kg2 h4 43. Kf2 hxg3+ 44. Nxg3 Bh4 0-1

[Event "Xtracon Chess Open 2016"]
[Site "Elsinore"]
[Date "2016.07.24"]
[Round "3.135"]
[White "Andersen, Per O"]
[Black "Trasti, Nora Christine"]
[Result "1-0"]
[WhiteElo "1962"]
[BlackElo "1367"]
[PlyCount "82"]
[EventDate "2016.07.23"]

1. d4 d5 2. c4 e6 3. Nf3 Nf6 4. g3 c5 5. Bg2 Nc6 6. O-O h6 7. Nc3 dxc4 8. Qa4
cxd4 9. Nxd4 Bd7 10. Nxc6 bxc6 11. Qxc4 Rc8 12. e4 Be7 13. Bf4 O-O 14. Rfd1 g5
15. Bd6 Bxd6 16. Rxd6 Ne8 17. Rd2 Qc7 18. Rad1 Nf6 19. Qc5 Rfd8 20. Qd6 Qxd6
21. Rxd6 Kf8 22. R6d2 Ke7 23. e5 Nd5 24. Ne4 Rc7 25. Rc1 f6 26. Nxf6 Nxf6 27.
exf6+ Kxf6 28. Rxc6 Bxc6 29. Rxd8 Bxg2 30. Kxg2 Ke7 31. Rd2 Rc5 32. h3 a5 33.
b3 Rd5 34. Rxd5 exd5 35. Kf3 Ke6 36. Ke3 Kd6 37. Kd4 Kc6 38. a3 h5 39. f3 Kd6
40. a4 h4 41. gxh4 gxh4 1-0

[Event "Xtracon Chess Open 2016"]
[Site "Elsinore"]
[Date "2016.07.24"]
[Round "3.136"]
[White "Justinussen, Sigurd B"]
[Black "Amarapala, Sheroni"]
[Result "1-0"]
[WhiteElo "1959"]
[BlackElo "1330"]
[PlyCount "113"]
[EventDate "2016.07.23"]

1. e4 e5 2. Bc4 Nf6 3. d3 h6 4. Nc3 Bc5 5. Nf3 Nc6 6. O-O d6 7. h3 Be6 8. Bb5
O-O 9. Be3 Bb6 10. Qd2 Kh7 11. Rad1 Ne7 12. d4 c6 13. Ba4 Bc7 14. Bb3 exd4 15.
Nxd4 Bxb3 16. axb3 d5 17. Qd3 Kh8 18. exd5 Nfxd5 19. Bc1 Qd6 20. Nf3 Rad8 21.
Ne4 Qd7 22. c4 Nb6 23. Qxd7 Rxd7 24. Nc5 Rxd1 25. Rxd1 Rb8 26. Bd2 Nbc8 27. Nd7
Ra8 28. Bb4 a5 29. Bc3 Nd6 30. Re1 Ng6 31. h4 Re8 32. Nde5 Nxe5 33. Nxe5 f6 34.
Nf7+ Kg8 35. Nxd6 Rxe1+ 36. Bxe1 Bxd6 37. Bxa5 Be5 38. Bc3 Bxc3 39. bxc3 Kf7
40. g4 Ke6 41. Kg2 Kd6 42. Kf3 Kc5 43. Ke4 b5 44. cxb5 cxb5 45. Kf5 Kd5 46. Kg6
Ke4 47. c4 bxc4 48. bxc4 Kd4 49. Kxg7 Kxc4 50. Kxf6 Kd5 51. Kg6 Ke5 52. Kxh6
Kf4 53. g5 Kg4 54. h5 Kf3 55. g6 Kxf2 56. g7 Kg3 57. g8=Q+ 1-0

[Event "Xtracon Chess Open 2016"]
[Site "Elsinore"]
[Date "2016.07.24"]
[Round "3.138"]
[White "Palozza, Flavio"]
[Black "Ukkelberg, Oyvind"]
[Result "0-1"]
[WhiteElo "1342"]
[BlackElo "1956"]
[PlyCount "84"]
[EventDate "2016.07.23"]

1. e4 g6 2. d4 Bg7 3. Nf3 d6 4. Nc3 a6 5. g3 Bg4 6. Bg2 Nc6 7. Be3 e5 8. d5
Nce7 9. Ne2 Qd7 10. O-O Nf6 11. Nc3 h5 12. h4 Bh3 13. Qd2 Bxg2 14. Kxg2 Ng4 15.
Bg5 f6 16. Be3 O-O 17. Ng1 Kh7 18. f3 Nxe3+ 19. Qxe3 Bh6 20. Qf2 f5 21. Qe1 Rf7
22. Nh3 Raf8 23. exf5 Nxf5 24. Ne4 Ne3+ 25. Kh2 Nxf1+ 26. Qxf1 Kg7 27. Nhg5
Bxg5 28. Nxg5 Rf6 29. Ne6+ Rxe6 30. dxe6 Qxe6 31. b3 Qd5 32. Kg2 e4 33. f4 e3+
34. Kh2 Qd2+ 35. Kh1 e2 36. Qc1 Qc3 37. Kg2 Re8 38. Kf2 e1=Q+ 39. Qxe1 Rxe1 40.
Rxe1 Qxc2+ 41. Re2 Qc5+ 42. Re3 Kf6 0-1

[Event "Xtracon Chess Open 2016"]
[Site "Elsinore"]
[Date "2016.07.24"]
[Round "3.139"]
[White "Steenstrup, Svend"]
[Black "Hestholm, Freddy"]
[Result "1-0"]
[WhiteElo "1951"]
[BlackElo "1281"]
[PlyCount "61"]
[EventDate "2016.07.23"]

1. c4 b6 2. Nc3 Bb7 3. e4 e6 4. Nf3 Bb4 5. Qb3 Na6 6. d3 Qe7 7. a3 Nc5 8. Qc2
Bxc3+ 9. Qxc3 Nf6 10. b4 Ncxe4 11. dxe4 Bxe4 12. Bg5 d5 13. cxd5 O-O-O 14. Ba6+
Kb8 15. dxe6 Qxe6 16. O-O Rd5 17. Bf4 Rd7 18. Ng5 Qd5 19. Nxe4 Qxe4 20. Qe5 Re8
21. Qxe4 Rxe4 22. Bg3 Nh5 23. Rfd1 Red4 24. Rxd4 Rxd4 25. Rc1 Rd8 26. Bh4 f6
27. f3 g5 28. Bg3 f5 29. Be5 Nf4 30. Bxf4 gxf4 31. h4 1-0

[Event "Xtracon Chess Open 2016"]
[Site "Elsinore"]
[Date "2016.07.24"]
[Round "3.141"]
[White "Ivarsson, Torbjorn"]
[Black "Rasmussen, Henning"]
[Result "1-0"]
[WhiteElo "2180"]
[BlackElo "1779"]
[PlyCount "51"]
[EventDate "2016.07.23"]

1. e4 c6 2. d4 d5 3. exd5 cxd5 4. Bd3 Nc6 5. c3 Nf6 6. Bf4 Bg4 7. Qb3 Qc8 8.
Nd2 e6 9. Ngf3 Be7 10. O-O O-O 11. Rae1 Nh5 12. Bg5 Bxf3 13. Nxf3 Bd6 14. Ne5
f6 15. Nxc6 bxc6 16. Bc1 Nf4 17. Bb1 Ng6 18. c4 Qc7 19. Qh3 Rae8 20. c5 Bf4 21.
Rxe6 Bxc1 22. Rxc1 Rxe6 23. Qxe6+ Kh8 24. Re1 Qf4 25. Bxg6 hxg6 26. Re3 1-0

[Event "Xtracon Chess Open 2016"]
[Site "Elsinore"]
[Date "2016.07.24"]
[Round "3.142"]
[White "Nielsen, Thomas Bach"]
[Black "Andberg, Tor Arne Heim"]
[Result "1-0"]
[WhiteElo "2103"]
[BlackElo "1727"]
[PlyCount "63"]
[EventDate "2016.07.23"]

1. d4 d5 2. c4 c6 3. cxd5 cxd5 4. Nf3 Nf6 5. Bf4 Bf5 6. Nc3 e6 7. e3 a6 8. Ne5
Ne4 9. Qa4+ Nd7 10. Nxd7 b5 11. Qb3 Nxc3 12. Ne5 f6 13. bxc3 fxe5 14. Bxe5 Kf7
15. Be2 Bd6 16. Bh5+ Bg6 17. Bxg6+ Kxg6 18. Bg3 Kf7 19. O-O h5 20. a4 g5 21.
axb5 h4 22. Bxd6 Qxd6 23. bxa6 g4 24. c4 Kg6 25. cxd5 g3 26. fxg3 hxg3 27. Qb1+
Kg5 28. dxe6 Qxe6 29. Ra5+ Kh6 30. Re5 Qg4 31. Qb6+ Kg7 32. Re7+ 1-0

[Event "Xtracon Chess Open 2016"]
[Site "Elsinore"]
[Date "2016.07.24"]
[Round "3.143"]
[White "Brokso, Kim"]
[Black "Salerno, Christian"]
[Result "0-1"]
[WhiteElo "1713"]
[BlackElo "2052"]
[PlyCount "92"]
[EventDate "2016.07.23"]

1. e4 e6 2. d4 d5 3. exd5 exd5 4. Nc3 Bf5 5. Nf3 Nc6 6. a3 a6 7. Bd3 Qd7 8.
Qe2+ Nge7 9. Bd2 O-O-O 10. O-O-O Bxd3 11. Qxd3 Qf5 12. Qxf5+ Nxf5 13. Bf4 f6
14. g4 Nfe7 15. h4 h5 16. g5 Nf5 17. gxf6 gxf6 18. Ne2 Re8 19. Ng3 Nxg3 20.
fxg3 Bh6 21. Bxh6 Rxh6 22. Rhg1 Rg6 23. Rg2 Reg8 24. Rdg1 Ne7 25. g4 hxg4 26.
h5 gxf3 27. Rxg6 Nxg6 28. hxg6 f2 29. Rf1 Rxg6 30. Rxf2 Kd7 31. c3 Ke6 32. Kd2
Rg3 33. a4 f5 34. b4 Kf6 35. a5 Rh3 36. Rf1 Rh4 37. Ke3 Re4+ 38. Kf3 Rh4 39.
Kg3 Kg5 40. Rb1 f4+ 41. Kg2 Kg4 42. Re1 Rh3 43. Re5 Rxc3 44. Rxd5 Rc2+ 45. Kf1
Kf3 46. Rc5 Rxc5 0-1

[Event "Xtracon Chess Open 2016"]
[Site "Elsinore"]
[Date "2016.07.24"]
[Round "3.144"]
[White "Nielsen, Morten"]
[Black "Larsen, Mette Dalsgaard"]
[Result "1/2-1/2"]
[WhiteElo "1965"]
[BlackElo "1715"]
[PlyCount "89"]
[EventDate "2016.07.23"]

1. e4 e6 2. d4 d5 3. Nd2 dxe4 4. Nxe4 Nf6 5. Nxf6+ Qxf6 6. Nf3 Qd8 7. Ne5 Be7
8. Qg4 Bf6 9. Bd3 Nd7 10. Qe2 c6 11. c3 Qe7 12. Bf4 Bg5 13. Bg3 Bh4 14. Nxf7
Qxf7 15. Bxh4 Nf6 16. Bxf6 gxf6 17. Bc4 Bd7 18. f4 O-O-O 19. O-O-O Rhe8 20.
Rde1 Qg6 21. Bd3 Qf7 22. Kb1 Re7 23. Qf2 Rde8 24. Re2 Qh5 25. h3 e5 26. dxe5
fxe5 27. Rhe1 exf4 28. Rxe7 Rxe7 29. Rf1 Bf5 30. Bxf5+ Qxf5+ 31. Kc1 a6 32. Rd1
Kc7 33. Qd2 Qf8 34. Qd6+ Kc8 35. Qd4 Rf7 36. Qe4 Qe7 37. Qxe7 Rxe7 38. Rd2 Rf7
39. Rf2 Kd7 40. g3 Ke6 41. gxf4 Kd5 42. Kd2 Ke4 43. Re2+ Kf3 44. f5 h5 45. f6
1/2-1/2

[Event "Xtracon Chess Open 2016"]
[Site "Elsinore"]
[Date "2016.07.24"]
[Round "3.145"]
[White "Choong, Liong-On Mark"]
[Black "Bennett, Rhys"]
[Result "0-1"]
[WhiteElo "1944"]
[BlackElo "1711"]
[PlyCount "74"]
[EventDate "2016.07.23"]

1. c4 e6 2. g3 d5 3. Bg2 Nf6 4. Nf3 Be7 5. O-O O-O 6. b3 d4 7. Bb2 c5 8. b4 Nc6
9. b5 Na5 10. d3 Qc7 11. Nbd2 e5 12. e3 Bf5 13. Ne1 Rad8 14. e4 Bc8 15. f4 Ng4
16. Nc2 Bd6 17. Qf3 f5 18. h3 Nh6 19. exf5 Nxf5 20. Qf2 exf4 21. Bd5+ Kh8 22.
gxf4 Ne7 23. Be4 Rxf4 24. Qg2 Rdf8 25. Ne3 R8f6 26. Ng4 Bxg4 27. hxg4 Rh6 28.
Rae1 Rh2 29. Kxh2 Rxf1+ 30. Kh3 Rxe1 31. Qf2 Re3+ 32. Nf3 Ng6 33. Bxg6 hxg6 34.
Kg2 Qe7 35. Kf1 Qf6 36. Kg2 Rxd3 37. Bc1 Qxf3+ 0-1

[Event "Xtracon Chess Open 2016"]
[Site "Elsinore"]
[Date "2016.07.24"]
[Round "3.146"]
[White "Shehzad, Shazil"]
[Black "Holmstrom, Johan Ravnborg"]
[Result "1/2-1/2"]
[WhiteElo "1711"]
[BlackElo "1942"]
[PlyCount "56"]
[EventDate "2016.07.23"]

1. e4 c5 2. Nc3 e6 3. Nge2 a6 4. d4 cxd4 5. Nxd4 Qc7 6. a4 Nf6 7. Bd3 Nc6 8.
Be3 Bb4 9. f4 Nxd4 10. Bxd4 Qxf4 11. Qf3 Qxf3 12. gxf3 d6 13. Ke2 e5 14. Bb6
Bxc3 15. bxc3 Be6 16. Rab1 Bd7 17. a5 Bc6 18. Bc4 Rc8 19. Bb3 Ke7 20. Rhd1 Nd7
21. Be3 Nc5 22. Rd2 f6 23. Rbd1 Rhd8 24. Rxd6 Nxb3 25. Rxd8 Nc1+ 26. Bxc1 Rxd8
27. Ba3+ Ke8 28. Rxd8+ Kxd8 1/2-1/2

[Event "Xtracon Chess Open 2016"]
[Site "Elsinore"]
[Date "2016.07.24"]
[Round "3.147"]
[White "Kristensen, Lars Ostergaard"]
[Black "Andreassen, Mikkel"]
[Result "0-1"]
[WhiteElo "1710"]
[BlackElo "1937"]
[PlyCount "88"]
[EventDate "2016.07.23"]

1. d4 d5 2. c4 c6 3. Nc3 Nf6 4. cxd5 cxd5 5. Bf4 Nc6 6. e3 Bf5 7. Nf3 e6 8. Rc1
Be7 9. Qb3 Qb6 10. Qxb6 axb6 11. a3 O-O 12. Be2 Rfc8 13. O-O Na5 14. Nd2 Nc4
15. Nxc4 dxc4 16. Bf3 Rd8 17. Bxb7 Ra7 18. Bf3 Nd5 19. Nxd5 exd5 20. Rfe1 g5
21. Bg3 g4 22. Bd1 b5 23. Bc2 Be6 24. Ra1 Rda8 25. e4 b4 26. exd5 Bxd5 27. Re3
bxa3 28. bxa3 Bxa3 29. Rae1 Bb2 30. Re8+ Rxe8 31. Rxe8+ Kg7 32. Be5+ f6 33. f4
fxe5 34. dxe5 Bd4+ 35. Kf1 Ra2 36. e6 Rxc2 37. e7 Bxg2+ 38. Ke1 Bc3+ 39. Kd1
Rd2+ 40. Kc1 Kf7 41. Rg8 Kxe7 42. Rxg4 Be4 43. f5 Bd3 44. Rg7+ Bxg7 0-1

[Event "Xtracon Chess Open 2016"]
[Site "Elsinore"]
[Date "2016.07.24"]
[Round "3.148"]
[White "Tolba, Henri"]
[Black "Stuhr, Peter Sebastian"]
[Result "1/2-1/2"]
[WhiteElo "1688"]
[BlackElo "1918"]
[PlyCount "142"]
[EventDate "2016.07.23"]

1. d4 d6 2. Nf3 Nd7 3. g3 c6 4. Bg2 e5 5. c4 f5 6. dxe5 dxe5 7. O-O Ngf6 8. Nh4
g6 9. Bg5 Be7 10. Qc2 e4 11. Rd1 Kf7 12. Bf1 h6 13. Bxf6 Bxf6 14. Ng2 Qb6 15.
Nc3 Ne5 16. Ne3 Bg5 17. Na4 Qa6 18. Nc5 Qa5 19. Nb3 Qc7 20. Ng2 Be6 21. e3 Kg7
22. Nd4 Bf7 23. Nf4 Qe7 24. Qc3 Bf6 25. Qc2 Rad8 26. Nh5+ Kh7 27. Nxf6+ Qxf6
28. b3 Rd7 29. Rac1 Rhd8 30. c5 h5 31. b4 h4 32. b5 cxb5 33. Bxb5 Rd5 34. Be2
Rc8 35. c6 bxc6 36. Nb3 Nf3+ 37. Bxf3 exf3 38. Rxd5 Bxd5 39. Rd1 hxg3 40. fxg3
Qe6 41. Kf2 Rb8 42. Rd4 Bxb3 43. Rh4+ Kg8 44. Qb2 Qd6 45. axb3 a5 46. Rh8+ Kf7
47. Rh7+ Ke6 48. Rh6 Rg8 49. Qc3 Qb4 50. Qxc6+ Qd6 51. Qc4+ Qd5 52. Qxd5+ Kxd5
53. Rh4 Kc5 54. Kxf3 g5 55. Rd4 Rb8 56. Rc4+ Kb5 57. h4 Rg8 58. hxg5 Rxg5 59.
Rf4 Kc5 60. e4 fxe4+ 61. Rxe4 Rd5 62. Ke3 Rg5 63. Kf4 Rg8 64. g4 Rf8+ 65. Ke3
Rb8 66. Rc4+ Kd5 67. Rc3 Rb4 68. Kd2 Rxg4 69. Kc2 a4 70. bxa4 Rxa4 71. Rd3+ Ke4
1/2-1/2

[Event "Xtracon Chess Open 2016"]
[Site "Elsinore"]
[Date "2016.07.24"]
[Round "3.149"]
[White "Ramkilde, Mikael"]
[Black "Bratteteig, Tore Inge"]
[Result "1/2-1/2"]
[WhiteElo "1907"]
[BlackElo "1710"]
[PlyCount "57"]
[EventDate "2016.07.23"]

1. e4 e6 2. d4 d5 3. Nc3 dxe4 4. Nxe4 Nd7 5. Nf3 Ngf6 6. Ng3 Be7 7. Bc4 c6 8.
O-O O-O 9. Qe2 b5 10. Bd3 Bb7 11. Bf4 a6 12. c3 c5 13. Rad1 cxd4 14. Nxd4 Re8
15. Bg5 Qc7 16. Bc2 h6 17. Bc1 Bf8 18. Rfe1 Nc5 19. Nh5 Ncd7 20. Rd3 Be4 21.
Nxf6+ Nxf6 22. Rg3 Bxc2 23. Qxc2 Kh8 24. Rh3 Rad8 25. Qe2 Qb7 26. Qe5 Qd5 27.
Bf4 Qxe5 28. Bxe5 Rc8 29. Bxf6 1/2-1/2

[Event "Xtracon Chess Open 2016"]
[Site "Elsinore"]
[Date "2016.07.24"]
[Round "3.150"]
[White "Haugaard, Thomas"]
[Black "Nielsen, Thomas"]
[Result "0-1"]
[WhiteElo "1672"]
[BlackElo "1906"]
[PlyCount "120"]
[EventDate "2016.07.23"]

1. d4 d5 2. c4 e6 3. Nc3 c5 4. Nf3 Nc6 5. g3 dxc4 6. e3 Nf6 7. Bxc4 a6 8. dxc5
Qc7 9. Bf1 Bxc5 10. Bg2 O-O 11. O-O Rd8 12. Qe2 e5 13. h3 Bf5 14. e4 Be6 15.
Bg5 Qe7 16. Rad1 h6 17. Bxf6 Qxf6 18. Nd5 Bxd5 19. exd5 Nd4 20. Nxd4 Bxd4 21.
Kh2 Qb6 22. b3 Rac8 23. f4 exf4 24. Rxf4 Bf6 25. Rdf1 Rc3 26. Rc4 Re3 27. Qf2
Rde8 28. Re4 R8xe4 29. Bxe4 Qd4 30. Bg2 Qd3 31. Rd1 Qc3 32. Rf1 Rxg3 33. Kh1
Re3 34. d6 Rd3 35. Qf4 Qe5 36. Qxe5 Bxe5 37. Bxb7 Rxd6 38. Rc1 g6 39. Rc8+ Kg7
40. Ra8 Rd1+ 41. Kg2 Rd2+ 42. Kf1 Rxa2 43. Rxa6 Rd2 44. Ra5 Bc3 45. Rb5 h5 46.
Bd5 f5 47. Bf3 Kf6 48. Rd5 Rb2 49. Rb5 Kg5 50. Bd5 Kh4 51. Rc5 Bd2 52. Bf7 Be3
53. Rc4+ f4 54. Bxg6 Rxb3 55. Bf5 Kg3 56. Ke2 f3+ 57. Kf1 Ra3 58. Bb1 Ra1 59.
Rb4 Kxh3 60. Rb2 h4 0-1

[Event "Xtracon Chess Open 2016"]
[Site "Elsinore"]
[Date "2016.07.24"]
[Round "3.151"]
[White "Rasmussen, Bjarne Berring"]
[Black "Stockhaug, Jon Arne"]
[Result "1/2-1/2"]
[WhiteElo "1634"]
[BlackElo "1901"]
[PlyCount "74"]
[EventDate "2016.07.23"]

1. d4 d5 2. c4 c6 3. Nc3 Nf6 4. e3 e6 5. Nf3 Be7 6. Bd3 O-O 7. O-O c5 8. cxd5
exd5 9. dxc5 Bxc5 10. a3 Bg4 11. Be2 Nc6 12. b4 Be7 13. Bb2 a6 14. Rc1 h6 15.
h3 Bh5 16. Nd4 Bxe2 17. Ncxe2 Qd7 18. Ng3 Nxd4 19. Qxd4 Rfd8 20. Rfd1 Rac8 21.
Ne2 Rxc1 22. Rxc1 Ne8 23. Qd2 Bf6 24. Bd4 Rc8 25. Rxc8 Qxc8 26. Bxf6 Nxf6 27.
Nd4 Ne4 28. Qc2 Qxc2 29. Nxc2 Kf8 30. f3 Nd6 31. Kf2 Ke7 32. Ke2 Nb5 33. Kd3 g6
34. a4 Nc7 35. Kd4 Kd6 36. Ne1 Ne6+ 37. Kc3 b6 1/2-1/2

[Event "Xtracon Chess Open 2016"]
[Site "Elsinore"]
[Date "2016.07.24"]
[Round "3.152"]
[White "Manz, Andreas"]
[Black "Joensen, Sigurd"]
[Result "1/2-1/2"]
[WhiteElo "1890"]
[BlackElo "1615"]
[PlyCount "58"]
[EventDate "2016.07.23"]

1. d4 d5 2. c4 dxc4 3. Nf3 e6 4. Nc3 Nf6 5. Bg5 Be7 6. e3 O-O 7. Bxc4 Nc6 8.
O-O Nb4 9. Rc1 Nbd5 10. a3 Nxc3 11. bxc3 Bxa3 12. Rb1 Be7 13. Qd3 Nd7 14. Bxe7
Qxe7 15. Bb3 Nf6 16. Bc2 g6 17. e4 b6 18. Qe3 Ng4 19. Qd2 Kg7 20. h3 Nh6 21.
Rfe1 Bb7 22. Ne5 f6 23. Nf3 Rad8 24. Qe3 Nf7 25. Bb3 e5 26. d5 c6 27. c4 cxd5
28. cxd5 Rc8 29. Ra1 Ra8 1/2-1/2

[Event "Xtracon Chess Open 2016"]
[Site "Elsinore"]
[Date "2016.07.24"]
[Round "3.153"]
[White "Dittrich, Tom"]
[Black "Nesse, David"]
[Result "1-0"]
[WhiteElo "1864"]
[BlackElo "1604"]
[PlyCount "91"]
[EventDate "2016.07.23"]

1. e4 c5 2. Nf3 Nc6 3. d4 cxd4 4. Nxd4 Nf6 5. Nc3 d6 6. f4 e6 7. Nf3 Be7 8. Bd3
O-O 9. O-O Ng4 10. Qe1 Nh6 11. Kh1 f5 12. Ng5 Rf6 13. exf5 Nxf5 14. g4 Nfd4 15.
Bxh7+ Kf8 16. Bd3 Rh6 17. Qe3 Rh4 18. Qg3 Rh8 19. Bg6 Qb6 20. f5 e5 21. Ne6+
Kg8 22. Nxd4 Nxd4 23. Nd5 Qc6 24. Qg2 Qd7 25. f6 gxf6 26. Rxf6 Kg7 27. Bf5 Qd8
28. Rg6+ Kf7 29. Qf2 Bxf5 30. gxf5 Qa5 31. Nxe7 Kxe7 32. Bg5+ Kf7 33. Rf6+ Kg7
34. Rxd6 Qc5 35. Bf6+ Kf7 36. Bxe5 Qxe5 37. Rxd4 Rxh2+ 38. Qxh2 Qxd4 39. Qh7+
Kf6 40. Qg6+ Ke5 41. Qg7+ Kd5 42. Qxb7+ Ke5 43. Qxa8 Qh4+ 44. Kg1 Qg3+ 45. Qg2
Qe3+ 46. Qf2 1-0

[Event "Xtracon Chess Open 2016"]
[Site "Elsinore"]
[Date "2016.07.24"]
[Round "3.154"]
[White "Overgaard, Jorgen"]
[Black "Nilssen, Steinar"]
[Result "1-0"]
[WhiteElo "1854"]
[BlackElo "1575"]
[PlyCount "55"]
[EventDate "2016.07.23"]

1. d4 Nf6 2. e3 g6 3. Bd3 Bg7 4. c3 O-O 5. f4 b6 6. Nf3 Bb7 7. O-O d6 8. Nbd2
Re8 9. f5 e5 10. fxg6 hxg6 11. dxe5 dxe5 12. Bc4 Nd5 13. Qb3 Kh8 14. Ng5 Qxg5
15. Bxd5 c6 16. Ne4 Qg4 17. Nf2 Qf5 18. e4 Qd7 19. Bxf7 Re7 20. Bxg6 Bf8 21.
Bf5 Qe8 22. Bg5 Rc7 23. Bf6+ Bg7 24. Ng4 Bc8 25. Bxc8 Qxc8 26. Rf5 Bxf6 27.
Nxf6 Kg7 28. Qd1 1-0

[Event "Xtracon Chess Open 2016"]
[Site "Elsinore"]
[Date "2016.07.24"]
[Round "3.155"]
[White "Jacobsen, Elise Sjottem"]
[Black "Hansen, Henrik Damgaard"]
[Result "1-0"]
[WhiteElo "1611"]
[BlackElo "1831"]
[PlyCount "59"]
[EventDate "2016.07.23"]

1. e4 d5 2. exd5 Nf6 3. Nf3 Qxd5 4. d4 Bg4 5. Be2 e6 6. O-O Nc6 7. c4 Qf5 8. h3
Bxf3 9. Bxf3 Be7 10. Qa4 O-O 11. Bxc6 bxc6 12. Qxc6 Ne4 13. Nd2 Nxd2 14. Bxd2
Rfc8 15. Rfe1 Bf6 16. Be3 h5 17. Rac1 e5 18. Qc5 g5 19. b3 Re8 20. Rcd1 g4 21.
hxg4 Qxg4 22. dxe5 Bxe5 23. Bc1 Re6 24. Qd5 Rae8 25. Qf3 Qh4 26. Qh3 Qe7 27.
Be3 h4 28. Rd5 Rg6 29. Bf4 Re6 30. Rdxe5 1-0

[Event "Xtracon Chess Open 2016"]
[Site "Elsinore"]
[Date "2016.07.24"]
[Round "3.156"]
[White "Starup, Leo"]
[Black "Calderon, Paul"]
[Result "0-1"]
[WhiteElo "1598"]
[BlackElo "1828"]
[PlyCount "58"]
[EventDate "2016.07.23"]

1. e4 c5 2. Nf3 Nc6 3. d4 cxd4 4. Nxd4 e5 5. Nb5 d6 6. b3 a6 7. N5a3 Be7 8. Be3
Nf6 9. f3 d5 10. exd5 Nxd5 11. Bd2 Bh4+ 12. g3 Bf6 13. Nc3 e4 14. Nxe4 Bxa1 15.
Qxa1 O-O 16. Nc4 Re8 17. Kf2 Be6 18. Bg2 b5 19. Ncd6 Qb6+ 20. Kf1 Red8 21. c4
bxc4 22. Nxc4 Qb5 23. Ke1 Ndb4 24. Qc3 Rd3 25. Ncd6 Qh5 26. Qc1 Rxd6 27. Nc5
Qxc5 28. Qxc5 Nd3+ 29. Ke2 Nxc5 0-1

[Event "Xtracon Chess Open 2016"]
[Site "Elsinore"]
[Date "2016.07.24"]
[Round "3.157"]
[White "Kyrkjebo, Eirik"]
[Black "Nielsen, Henrik Wendelbo"]
[Result "1-0"]
[WhiteElo "1590"]
[BlackElo "1815"]
[PlyCount "121"]
[EventDate "2016.07.23"]

1. e4 c6 2. d4 d5 3. Nc3 dxe4 4. Nxe4 Nf6 5. Nxf6+ gxf6 6. Nf3 Bg4 7. Bf4 Qb6
8. Be2 Nd7 9. Qd3 O-O-O 10. O-O h5 11. a4 c5 12. a5 Qe6 13. Rfe1 Qf5 14. Qd2 e5
15. dxe5 Nxe5 16. Qe3 Bd6 17. Nh4 Qd7 18. a6 Bxe2 19. axb7+ Qxb7 20. Qxe2 Rhg8
21. Qa6 Rd7 22. Qxb7+ Rxb7 23. Ra2 Nf3+ 24. Nxf3 Bxf4 25. Re4 Rd8 26. g3 Bb8
27. b3 Rd5 28. Ra6 Rb6 29. Ra5 Kd7 30. h4 Re6 31. Raa4 Kc6 32. Rac4 Rxe4 33.
Rxe4 Bd6 34. Kf1 Rd1+ 35. Ke2 Rc1 36. Rc4 Kb5 37. Kd2 Ra1 38. Ne1 Be5 39. Nd3
Bd6 40. Nf4 Be5 41. Re4 Rf1 42. Ke2 Rc1 43. Kd2 Rf1 44. Nd3 a5 45. Ke2 Ra1 46.
Nxe5 fxe5 47. Rxe5 f6 48. Rxh5 a4 49. bxa4+ Rxa4 50. Rf5 Re4+ 51. Kf3 Rc4 52.
h5 Rxc2 53. h6 Ra2 54. Rxf6 Ra8 55. h7 c4 56. Rh6 Rh8 57. Ke2 c3 58. Kd3 Kb4
59. Kc2 Kc4 60. g4 Kd4 61. f4 1-0

[Event "Xtracon Chess Open 2016"]
[Site "Elsinore"]
[Date "2016.07.24"]
[Round "3.158"]
[White "Wanvik, Tim"]
[Black "Densing, Gerd"]
[Result "0-1"]
[WhiteElo "1479"]
[BlackElo "1814"]
[PlyCount "94"]
[EventDate "2016.07.23"]

1. d4 e6 2. c4 b6 3. e4 Bb7 4. Nc3 Bb4 5. d5 Bxc3+ 6. bxc3 e5 7. Nf3 d6 8. Be2
h6 9. Rb1 Nd7 10. Be3 Ngf6 11. Qc2 O-O 12. h3 Rb8 13. O-O Qe7 14. Bd3 Nh5 15.
Nh2 Nf4 16. Bxf4 exf4 17. Qd2 Ne5 18. Ng4 a5 19. Bc2 g5 20. Nxh6+ Kh7 21. Nf5
Qf6 22. Qe2 Rh8 23. Nd4 Bc8 24. Nc6 Rb7 25. Nxe5 Qxe5 26. Qf3 Kg7 27. g4 Bd7
28. Kg2 Rbb8 29. Rh1 Rh4 30. Rbg1 Rbh8 31. Kf1 f6 32. Rg2 R8h6 33. Bd1 Qe8 34.
Rgh2 Bxg4 35. Qxg4 Rxg4 36. hxg4 Rxh2 37. Rxh2 Qxe4 38. Be2 f3 39. Bd1 Qd3+ 40.
Ke1 Qxc3+ 41. Kf1 Qxc4+ 42. Ke1 Qxg4 43. Rh1 Qg2 44. Rh5 Qg1+ 45. Kd2 Qxf2+ 46.
Kc1 Qe3+ 47. Kb1 f2 0-1